000 01334nab a2200361 a 4500
001 136400
003 FlNmELB
005 20241217181026.0
006 m o d |
007 cr cn|||||||||
008 201106r2006 ck |||||s|||||||||||spa d
022 _a2011-1703
035 _a(OCoLC)955424415
040 _aFlNmELB
_bspa
_cFlNmELB
050 4 _aJK3091
_bO969 2006
080 _a341
082 0 4 _a341
_222
100 1 _aOviedo Albán, Jorge.
222 0 _aInternational Law: Revista colombiana de derecho
245 1 0 _aConvención de las naciones unidas sobre la utilización de comunicaciones electrónicas en contratos internacionales
_h[recurso electronico] /
_cJorge Oviedo Albán.
260 _aBogotá (Colombia) :
_bRed International Law: Revista colombiana de derecho,
_c2006.
300 _a1-51 p.
310 _aSemestral
362 0 _aNo. 7(2006)-
533 _aRecurso electrónico. Santa Fe, Arg.: e-libro, 2015. Disponible vía World Wide Web. El acceso puede estar limitado para las bibliotecas afiliadas a e-libro.
650 4 _aLeyes.
_xGeneral.
650 4 _aLaw.
_xGeneral.
650 4 _aLeyes.
_xInternacional.
650 4 _aLaw.
_xInternational.
655 4 _aArtículos electrónicos.
710 2 _ae-libro, Corp.
856 4 0 _uhttps://elibro.net/ereader/politecnicointernacional/32712
999 _c136400
_d136400